000 00585nam a2200181 4500
999 _c80704
_d80704
008 210119b ||||| |||| 00| 0 eng d
040 _bger
_cSTAFF
_erda
_aISIL EINTRAGEN
100 _aVölker, Klaus:
245 _aStephan Hermlin in Berlin Niederschönhausen (1947-1997) /
_cKlaus Völker
300 _a30 S.
490 _aFrankfurter Buntbücher;
_v66
600 _aHermlin, Stephan
_d (1915-1997)
773 _dFrankfurt (Oder): Kleist-Museum, 2020
_tFrankfurter Buntbücher
_gBd. 66, S. 4-31
942 _cA